<?xml version="1.0" encoding="UTF-8"?>
<record
    xmlns:xsi="http://www.w3.org/2001/XMLSchema-instance"
    xsi:schemaLocation="http://www.loc.gov/MARC21/slim http://www.loc.gov/standards/marcxml/schema/MARC21slim.xsd"
    xmlns="http://www.loc.gov/MARC21/slim">

  <leader>01289nas a2200289 454500</leader>
  <controlfield tag="001">32987</controlfield>
  <controlfield tag="005">20260407193508.0</controlfield>
  <controlfield tag="008">260407s1979####ag###########|||spa#d</controlfield>
  <controlfield tag="003">AR-UNSa-BCEJYS</controlfield>
  <datafield tag="040" ind1=" " ind2=" ">
    <subfield code="a">AR-UNSa-BCEJYS</subfield>
    <subfield code="b">spa</subfield>
    <subfield code="c">AR-UNSa-BCEJYS</subfield>
  </datafield>
  <datafield tag="080" ind1=" " ind2=" ">
    <subfield code="a">330</subfield>
    <subfield code="x">Econom&#xED;a en general</subfield>
  </datafield>
  <datafield tag="245" ind1="1" ind2="0">
    <subfield code="a">Revista de la Facultad de Ciencias Econ&#xF3;micas</subfield>
    <subfield code="p">publicaci&#xF3;n de la Facultad de Ciencias Econ&#xF3;micas de la Universidad Nacional de Rosario</subfield>
  </datafield>
  <datafield tag="022" ind1=" " ind2=" ">
    <subfield code="a">0326-0232</subfield>
  </datafield>
  <datafield tag="264" ind1=" " ind2="1">
    <subfield code="a">Rosario :</subfield>
    <subfield code="b">Universidad Nacional de Rosario</subfield>
    <subfield code="c">1979</subfield>
  </datafield>
  <datafield tag="310" ind1=" " ind2=" ">
    <subfield code="a">Frecuencia: Anual
A partir del N&#xBA; 6 presenta una leve variaci&#xF3;n en el t&#xED;tulo: REVISTA DE ECONOMIA Y ADMINISTRACION
A partir del N&#xBA; 10 el t&#xED;tulo var&#xED;a: REVISTA DE LA FACULTAD DE CIENCIAS ECONOMICAS Y ESTADISTICA
ISSN comienza a aparecer a partir del N&#xBA;10</subfield>
  </datafield>
  <datafield tag="041" ind1=" " ind2=" ">
    <subfield code="a">spa</subfield>
  </datafield>
  <datafield tag="942" ind1=" " ind2=" ">
    <subfield code="c">SER</subfield>
  </datafield>
  <datafield tag="590" ind1=" " ind2=" ">
    <subfield code="a">niveau_biblio:s niveau_hierar:1</subfield>
  </datafield>
  <datafield tag="100" ind1="1" ind2=" ">
    <subfield code="a">Universidad Nacional de Rosario. Facultad de Ciencias Econ&#xF3;micas</subfield>
  </datafield>
  <datafield tag="650" ind1=" " ind2=" ">
    <subfield code="a">Estad&#xED;sticas econ&#xF3;micas</subfield>
  </datafield>
  <datafield tag="650" ind1=" " ind2=" ">
    <subfield code="a">Condiciones econ&#xF3;micas</subfield>
  </datafield>
  <datafield tag="650" ind1=" " ind2=" ">
    <subfield code="a">Microeconom&#xED;a</subfield>
  </datafield>
  <datafield tag="650" ind1=" " ind2=" ">
    <subfield code="a">Macroeconom&#xED;a</subfield>
  </datafield>
  <datafield tag="650" ind1=" " ind2=" ">
    <subfield code="a">ECONOMIA</subfield>
  </datafield>
  <datafield tag="650" ind1=" " ind2=" ">
    <subfield code="a">SANTA FE</subfield>
  </datafield>
  <datafield tag="856" ind1="4" ind2="1">
    <subfield code="u">https://biblioeco.unsa.edu.ar/pmb/images/revistas/rev_fac_cs_eco_estadistica11.jpg</subfield>
    <subfield code="y">Imagen de portada</subfield>
    <subfield code="q">image/jpeg</subfield>
  </datafield>
  <datafield tag="999" ind1=" " ind2=" ">
    <subfield code="c">8727</subfield>
    <subfield code="d">8727</subfield>
  </datafield>
  <datafield tag="952" ind1=" " ind2=" ">
    <subfield code="0">0</subfield>
    <subfield code="1">0</subfield>
    <subfield code="4">0</subfield>
    <subfield code="7">0</subfield>
    <subfield code="a">BCEJYS</subfield>
    <subfield code="b">BCEJYS</subfield>
    <subfield code="c">17</subfield>
    <subfield code="d">1999-11-01</subfield>
    <subfield code="h">N&#xBA; 11 - nov. 1999</subfield>
    <subfield code="l">0</subfield>
    <subfield code="o">H330 UNR 11</subfield>
    <subfield code="p">R16433</subfield>
    <subfield code="r">2026-04-10 16:09:17</subfield>
    <subfield code="w">2026-04-10</subfield>
    <subfield code="y">RN</subfield>
  </datafield>
  <datafield tag="952" ind1=" " ind2=" ">
    <subfield code="0">0</subfield>
    <subfield code="1">0</subfield>
    <subfield code="4">0</subfield>
    <subfield code="7">0</subfield>
    <subfield code="a">BCEJYS</subfield>
    <subfield code="b">BCEJYS</subfield>
    <subfield code="c">17</subfield>
    <subfield code="d">1989-07-01</subfield>
    <subfield code="h">N&#xBA; 8 - jul. 1989</subfield>
    <subfield code="l">0</subfield>
    <subfield code="o">H330 UNR 8</subfield>
    <subfield code="p">R16432</subfield>
    <subfield code="r">2026-04-10 16:09:17</subfield>
    <subfield code="w">2026-04-10</subfield>
    <subfield code="y">RN</subfield>
  </datafield>
  <datafield tag="952" ind1=" " ind2=" ">
    <subfield code="0">0</subfield>
    <subfield code="1">0</subfield>
    <subfield code="4">0</subfield>
    <subfield code="7">0</subfield>
    <subfield code="a">BCEJYS</subfield>
    <subfield code="b">BCEJYS</subfield>
    <subfield code="c">17</subfield>
    <subfield code="d">1983-11-01</subfield>
    <subfield code="h">N&#xBA; 6 - nov. 1983</subfield>
    <subfield code="l">0</subfield>
    <subfield code="o">H330 UNR 6</subfield>
    <subfield code="p">R16431</subfield>
    <subfield code="r">2026-04-10 16:09:17</subfield>
    <subfield code="w">2026-04-10</subfield>
    <subfield code="y">RN</subfield>
  </datafield>
  <datafield tag="952" ind1=" " ind2=" ">
    <subfield code="0">0</subfield>
    <subfield code="1">0</subfield>
    <subfield code="4">0</subfield>
    <subfield code="7">0</subfield>
    <subfield code="a">BCEJYS</subfield>
    <subfield code="b">BCEJYS</subfield>
    <subfield code="c">17</subfield>
    <subfield code="d">1982-10-01</subfield>
    <subfield code="h">N&#xBA; 5 - oct. 1982</subfield>
    <subfield code="l">0</subfield>
    <subfield code="o">H330 UNR 5</subfield>
    <subfield code="p">R16430</subfield>
    <subfield code="r">2026-04-10 16:09:17</subfield>
    <subfield code="w">2026-04-10</subfield>
    <subfield code="y">RN</subfield>
  </datafield>
  <datafield tag="952" ind1=" " ind2=" ">
    <subfield code="0">0</subfield>
    <subfield code="1">0</subfield>
    <subfield code="4">0</subfield>
    <subfield code="7">0</subfield>
    <subfield code="a">BCEJYS</subfield>
    <subfield code="b">BCEJYS</subfield>
    <subfield code="c">17</subfield>
    <subfield code="d">1981-12-01</subfield>
    <subfield code="h">N&#xBA; 4 - dic. 1981</subfield>
    <subfield code="l">0</subfield>
    <subfield code="o">H330 UNR 4</subfield>
    <subfield code="p">R16429</subfield>
    <subfield code="r">2026-04-10 16:09:17</subfield>
    <subfield code="w">2026-04-10</subfield>
    <subfield code="y">RN</subfield>
  </datafield>
  <datafield tag="952" ind1=" " ind2=" ">
    <subfield code="0">0</subfield>
    <subfield code="1">0</subfield>
    <subfield code="4">0</subfield>
    <subfield code="7">0</subfield>
    <subfield code="a">BCEJYS</subfield>
    <subfield code="b">BCEJYS</subfield>
    <subfield code="c">17</subfield>
    <subfield code="d">1981-07-01</subfield>
    <subfield code="h">N&#xBA; 3 - jul. 1981</subfield>
    <subfield code="l">0</subfield>
    <subfield code="o">H330 UNR 3</subfield>
    <subfield code="p">R16428</subfield>
    <subfield code="r">2026-04-10 16:09:17</subfield>
    <subfield code="w">2026-04-10</subfield>
    <subfield code="y">RN</subfield>
  </datafield>
  <datafield tag="952" ind1=" " ind2=" ">
    <subfield code="0">0</subfield>
    <subfield code="1">0</subfield>
    <subfield code="4">0</subfield>
    <subfield code="7">0</subfield>
    <subfield code="a">BCEJYS</subfield>
    <subfield code="b">BCEJYS</subfield>
    <subfield code="c">17</subfield>
    <subfield code="d">1980-12-01</subfield>
    <subfield code="h">N&#xBA; 2 - dic. 1980</subfield>
    <subfield code="l">0</subfield>
    <subfield code="o">H330 UNR 2</subfield>
    <subfield code="p">R16426</subfield>
    <subfield code="r">2026-04-10 16:09:17</subfield>
    <subfield code="w">2026-04-10</subfield>
    <subfield code="y">RN</subfield>
  </datafield>
  <datafield tag="952" ind1=" " ind2=" ">
    <subfield code="0">0</subfield>
    <subfield code="1">0</subfield>
    <subfield code="4">0</subfield>
    <subfield code="7">0</subfield>
    <subfield code="a">BCEJYS</subfield>
    <subfield code="b">BCEJYS</subfield>
    <subfield code="c">17</subfield>
    <subfield code="d">1979-12-01</subfield>
    <subfield code="h">N&#xBA; 1 - dic. 1979</subfield>
    <subfield code="l">0</subfield>
    <subfield code="o">H330 UNR 1</subfield>
    <subfield code="p">R16425</subfield>
    <subfield code="r">2026-04-10 16:09:17</subfield>
    <subfield code="w">2026-04-10</subfield>
    <subfield code="y">RN</subfield>
  </datafield>
</record>
